Can You Guess Who I Am? (Image) Quiz Stats

 Plays Quiz not verified by Sporcle

Score 0/201 Timer 01:00
0 Plays Today
% Correct
97%
96%
95%
94.5%
94.4%
92.6%
91.8%
91.7%
91.3%
84%
83.2%
82.3%
79.8%
79.7%
79.6%
78.3%
77.8%
77.4%
77%
76.7%
76.6%
76.6%
74.9%
73.8%
73.5%
72%
71.8%
71.3%
71.3%
71.1%
70.9%
69.6%
69.3%
69%
68.3%
68%
66.9%
66.7%
66.6%
66.2%
65.8%
64.8%
64.6%
64.2%
63.6%
63.6%
63.1%
63%
62.7%
62.7%
62.4%
61.4%
61.2%
60%
59.1%
58.8%
58.1%
58.1%
57.7%
57.1%
57%
56.8%
56.3%
55.1%
54.6%
54.5%
54.1%
% Correct
54.1%
54%
53.2%
52.9%
52.8%
52.4%
52.2%
52.2%
51.7%
51.4%
51.3%
51%
50.9%
50.9%
50%
50%
50%
49.9%
49.9%
49.5%
49.3%
49.3%
49.3%
49.2%
48.9%
48.8%
​​Yo​u do​n't s​ay?
48.5%
48.2%
48%
48%
47.9%
47.9%
47.6%
47.6%
45.6%
45.1%
44.3%
43.5%
43.4%
42.8%
42.8%
42.6%
42.3%
42.3%
42.2%
42.1%
42%
41.9%
41.9%
41.9%
41.8%
41.7%
41.6%
41.6%
41.6%
41.5%
41.4%
41.2%
41.2%
41.2%
41.1%
41%
40.9%
40.8%
40.7%
40.7%
40.6%
% Correct
40.6%
40.6%
40.6%
40.5%
40.5%
40.5%
40.5%
40.5%
40.4%
40.3%
40.3%
40.3%
40.3%
40.3%
40.3%
40.3%
40.3%
40.3%
40.2%
40.2%
40.2%
40.2%
40.2%
40.2%
40.1%
40.1%
40.1%
40.1%
40.1%
40.1%
40%
40%
40%
40%
40%
40%
40%
40%
39.9%
39.9%
39.9%
39.9%
39.9%
39.9%
39.9%
39.9%
39.9%
39.9%
39.9%
39.9%
39.9%
39.9%
39.9%
39.8%
39.8%
39.8%
39.8%
39.8%
39.8%
39.8%
39.8%
39.8%
39.8%
39.8%
39.8%
39.7%
39.7%

You're not logged in!

Compare scores with friends on all Sporcle quizzes.
OR
Log In

Show Comments

Extras

Top Quizzes Today


Score Distribution

Your Account Isn't Verified!

In order to create a playlist on Sporcle, you need to verify the email address you used during registration. Go to your Sporcle Settings to finish the process.

Report this User

Report this user for behavior that violates our Community Guidelines.

Details: